| Tag |
First Indicator |
Second Indicator |
Subfields |
| LEADER |
00000cam a2200000 a 4500 |
| 001 |
in00000092678 |
| 005 |
20150923132145.0 |
| 008 |
820810s1981 stka b 001 0 eng |
| 010 |
|
|
|a 80041324
|
| 015 |
|
|
|a GB***
|
| 019 |
|
|
|a 07976224
|a 16536730
|
| 020 |
|
|
|a 044302099X (pbk.)
|
| 035 |
|
|
|a (OCoLC)07902387
|
| 035 |
|
|
|9 AAK7499AM
|
| 040 |
|
|
|a DLC
|c DLC
|d VET
|d NLM
|d UKM
|d UtOrBLW
|
| 049 |
|
|
|a TXAM
|c [985783]
|
| 050 |
0 |
0 |
|a RC423
|b B75 1981
|
| 060 |
0 |
0 |
|a WM 475
|b B877s 1981
|
| 069 |
0 |
|
|a 8110526
|
| 082 |
0 |
0 |
|a 616.85/506
|2 19
|
| 100 |
1 |
|
|a Brown, Betty Byers.
|
| 245 |
1 |
0 |
|a Speech therapy :
|b principles and practice /
|c Betty Byers Brown.
|
| 264 |
|
1 |
|a Edinburgh ;
|a New York :
|b Churchill Livingstone,
|c 1981.
|
| 300 |
|
|
|a x, 262 pages :
|b illustrations ;
|c 22 cm.
|
| 336 |
|
|
|a text
|b txt
|2 rdacontent
|
| 337 |
|
|
|a unmediated
|b n
|2 rdamedia
|
| 338 |
|
|
|a volume
|b nc
|2 rdacarrier
|
| 504 |
|
|
|a Bibliography: pages [248]-258.
|
| 500 |
|
|
|a Includes index.
|
| 650 |
|
0 |
|a Speech therapy.
|
| 653 |
|
|
|a Man
|a Speech disorders
|a Therapy
|
| 650 |
|
2 |
|a Speech Therapy.
|
| 999 |
|
|
|a MARS
|
| 999 |
f |
f |
|s c00e3e98-3ba6-3110-9d29-f0e7024a90a4
|i 4aa46f7e-8a20-37fc-bef8-1a66ffc0cefe
|t 0
|
| 952 |
f |
f |
|p ric
|a Texas A&M University
|b Rellis Campus
|c Joint Library Facility
|d Remote Storage
|t 0
|e RC423 B75 1981
|h Library of Congress classification
|i unmediated -- volume
|m A14806006792
|
| 998 |
f |
f |
|a RC423 B75 1981
|t 0
|l Remote Storage
|